Регионална библиотека "Любен Каравелов" - Русе

Кратка история на света (Запис номер 33271)

MARC детайли
000 -Лидер
Контролно поле с фиксирана дължина 01258nam a2200313 c 4500
003 - Код на организацията, давaща контролен номер
Контролно поле BLK
005 - Дата и час на последна редакция
Контролно поле 20210607083318.0
008 - Елементи от данни с фиксирана дължина
fixed length control field 180408b bul|||||r ||||||| ||bul||
010 ## - Наследен системен номер
LC control number KNG00035959000
020 ## - Международен стандартен номер на книга ISBN
Международен стандартен номер на книга ISBN 954-9520-47-1
-- издат.: ИМН
040 ## - Източник на каталожния запис
Идентификатор на билиотеката - собственик на записа BLK
041 ## - Код за език
Код за езика на текст/звукозапис или на отделно заглавие Български
Код за езика КДБФ Български
080 ## - УДК
Текстов определител УДК Икономическо положение. Икономическа политика. Управление. Планиране. Производство. Услуги. Цени
УДК код - определител по УДК 338
УДК определител (091)(100)(075.8)
УДК - код + определител 338(091)(100)(075.8)
100 1# - Редна дума - Автор
Автор Байков, Байко Димитров
Авторска отговорност първи автор
R(LIN) 260469
139 ## - Редно поле
Редна дума Байков, Байко Димитров
Авторски знак Баи - Б 14
245 10 - Сведения за заглавието
Заглавие Кратка история на света
Подзаглавни данни Древност - Индустриална ера
Редно поле (дума) Байко Димитров Байков.
257 ## - Страна на издаване
Страна на създаване/издаване България
260 ## - Област на издателските данни
-- Пловдив
Име на издателя, разпространителя и проч. ИМН
Година на издаване 2001
300 ## - Физическа характеристика
Страници 192 с.
Размери/Мащаб 20 см
380 ## - Жанр
Жанр Обществени науки
650 #4 - Допълнително описание по предмет – тема
Основно описание – тема или топоним Стопанство - история - учебници за ВУЗ
9 (RLIN) 246746
653 ## - Ключова дума – ненормативна
Ключова дума свят
653 ## - Ключова дума – ненормативна
Ключова дума стопанска история
852 ## - Местоположение
Форматна сигнатура Цб 208392
856 4# - Електронен адрес и достъп
Електронен формат pdf - файл
Път до файла /url/
856 4# - Електронен адрес и достъп
Електронен формат pdf - файл
Път до файла /url/
942 ## - АРТИКУЛИ
Вид на библиотечния материал Книги
Скрит в OPAC Не
Koha issues (borrowed), all copies 1
944 ## - СЪЗДАВАНЕ И РЕДАКЦИЯ на ЗАПИСА
Създаване/Редакция Създаване
Дата на регистрацията/редакция 15.01.2003
Служител, извършил регистрацията/редакцията Кети_Илиева
944 ## - СЪЗДАВАНЕ И РЕДАКЦИЯ на ЗАПИСА
Създаване/Редакция Редакция
Дата на регистрацията/редакция 08.09.2006
Служител, извършил регистрацията/редакцията
999 ## - СИСТЕМНИ КОНТРОЛНИ НОМЕРА
Koha biblionumber 33271
Koha biblioitemnumber 33271
Наличности
Код за отписване Код за изгубен артикул Източник на класификационната схема Код за повреда Коз за рестрикции Код за отдаване Артикулен № Име на библиотеката - собственик Име на библиотеката, в която се намира в момента Статус (Текущо местоположение) Дата на вписване в системата Местоположение - отдел Цена в лева Инвентарен номер Систематично азбучна сигнатура Баркод Номер на екземпляра Цена в евро Служебна бележка Служебен тип на артикула
Изтеглен Не е изгубен Universal Decimal Classification Не е повреден без рестрикции ползва се в читалня 53149 Регионална библиотека "Любен Каравелов" Русе Регионална библиотека "Любен Каравелов" Русе Читалня 2001-01-01 Читалня 5.50 664747 Ч 338/Б 14 664747 1 2.81 Дост: Pk Вид: Ф N: стар фонд Дата: 01.01.2001 Дата инв: 23.03.2017 Бележки инв: Ч2017 Книги
Изтеглен Не е изгубен Universal Decimal Classification Не е повреден без рестрикции заемане за дома 53150 Регионална библиотека "Любен Каравелов" Русе Регионална библиотека "Любен Каравелов" Русе Заемна - подръчен фонд 2001-01-01 Заемна - подръчен фонд 5.50 664748 П 338/Б 14 664748 2 2.81 Дост: Pk Вид: Ф N: стар фонд Дата: 01.01.2001 Дата инв: 05.02.2018 Бележки инв: П2018 Книги
  Не е изгубен Universal Decimal Classification Не е повреден без рестрикции заемане за дома 53151 Регионална библиотека "Любен Каравелов" Русе Регионална библиотека "Любен Каравелов" Русе Заемна - подръчен фонд 2001-01-01 Заемна - подръчен фонд 5.50 664749 П 338/Б 14 120000664749 3 2.81 Дост: Pk Вид: Ф N: стар фонд Дата: 01.01.2001 Дата инв: 02.02.2018 Бележки инв: П2018 Книги
Изтеглен Не е изгубен Universal Decimal Classification Не е повреден без рестрикции заемане за дома 53152 Регионална библиотека "Любен Каравелов" Русе Регионална библиотека "Любен Каравелов" Русе Заемна - подръчен фонд 2001-01-01 Заемна - подръчен фонд 5.50 664750 П 338/Б 14 664750 4 2.81 Дост: Pk Вид: Ф N: стар фонд Дата: 01.01.2001 Дата инв: 05.02.2018 Бележки инв: П2018 Книги
  Не е изгубен Universal Decimal Classification Не е повреден без рестрикции ползва се в читалня 53153 Регионална библиотека "Любен Каравелов" Русе Регионална библиотека "Любен Каравелов" Русе Хранилище 2002-03-01 Хранилище 0.01 120000668903 Цб 208392 120000668903 5 0.01 Дост: Dp Вид: Д N: 44 Дата: 24.10.2001 Книги
Vip Innovations Ltd, Rousse, Bulgaria 2025